000 00657nam a2200277Ia 4500
005 20260324124047.0
008 008 260324s9999 xx 000 0 eng d
020 _a9781003550877
037 _aEBOOK
040 _aCRL
040 _beng
040 _cCRL
041 _2eng
041 _aeng
084 _qCRL
100 _aJulia B. Griffin
_91172690
245 0 _aNonconformist Women Writers, 1720-1840, Part I Vol 2
260 _bTaylor and Francis
260 _c2011
365 _a
365 _b240
856 _uhttp://www.taylorfrancis.com/books/9781003550877
942 _cEBOOK
999 _c1766762
_d1766762